[Event "22nd Cairnhill Open"]
[Site "Singapore SIN"]
[Date "2004.12.06"]
[Round "5"]
[White "Goh Weiming"]
[Black "Villamayor,B"]
[Result "1-0"]
[WhiteElo "2353"]
[BlackElo "2463"]

1.e4 e6 2.d4 d5 3.Nc3 Bb4 4.e5 Ne7 5.a3 Bxc3+ 6.bxc3 c5 7.Qg4 Qc7 8.Qxg7 Rg8
9.Qxh7 cxd4 10.Ne2 Nbc6 11.f4 Bd7 12.Qd3 dxc3 13.Rb1 O-O-O 14.Nxc3 Na5 15.Be3 Kb8
16.Qd4 Nec6 17.Qc5 b6 18.Bd2 Nb7 19.Qf2 Nca5 20.Rg1 d4 21.Qxd4 Ba4 22.Qxa4 Qc5
23.Rh1 Rxd2 24.Kxd2 Rd8+ 25.Bd3 Nc4+ 26.Kd1 Nba5 27.Re1 Qf2 28.Ne4 Qxf4 29.Qb4  1-0

[Event "FSGM December"]
[Site "Budapest HUN"]
[Date "2004.12.14"]
[Round "11"]
[White "Szabo,K"]
[Black "Farago,I"]
[Result "1/2-1/2"]
[WhiteElo "2394"]
[BlackElo "2455"]

1.e4 e6 2.d4 d5 3.Nc3 Bb4 4.e5 Ne7 5.a3 Bxc3+ 6.bxc3 c5 7.Qg4 O-O 8.Bd3 f5
9.exf6 Rxf6 10.Bg5 Rf7 11.Qh5 g6 12.Qd1 Qa5 13.Bd2 Nbc6 14.Nf3 Qc7 15.O-O e5
16.Nxe5 Nxe5 17.dxe5 Qxe5 18.c4 Bf5 19.Re1 Qf6 20.Qe2 Bxd3 21.cxd3 dxc4 22.dxc4 Nc6
23.Qe3 Nd4 24.Rac1 Raf8 25.f3 Qd6 26.Kh1 Rf5 27.Qe7 Qxe7 28.Rxe7 R5f7 29.Re3 Rd7
30.Be1 Kf7 31.Kg1 Re8  1/2-1/2

[Event "FSGM December"]
[Site "Budapest HUN"]
[Date "2004.12.14"]
[Round "11"]
[White "Fogarasi,T"]
[Black "Karatorossian,D"]
[Result "1-0"]
[WhiteElo "2425"]
[BlackElo "2384"]

1.e4 e6 2.d4 d5 3.Nc3 Bb4 4.e5 b6 5.a3 Bf8 6.Nf3 Ba6 7.Bxa6 Nxa6 8.Qd3 Nb8
9.Ne2 Ne7 10.O-O Nbc6 11.Be3 Qd7 12.Rfc1 Na5 13.b3 Nf5 14.Bd2 Nb7 15.c4 c6
16.cxd5 cxd5 17.Rc2 Rc8 18.Rxc8+ Qxc8 19.Qa6 Qb8 20.Qa4+ Kd8 21.Ng5 Nh6 22.Nf4 Na5
23.Rc1 Qb7  1-0

[Event "Bykova Mem"]
[Site "Vladimir RUS"]
[Date "2004.12.17"]
[Round "10"]
[White "Komiagina,M"]
[Black "Kononenko,T"]
[Result "0-1"]
[WhiteElo "2312"]
[BlackElo "2305"]

1.e4 e6 2.d4 d5 3.Nc3 Bb4 4.e5 Ne7 5.a3 Bxc3+ 6.bxc3 c5 7.Qg4 O-O 8.Bd3 f5
9.Qh3 Qe8 10.Nf3 b6 11.dxc5 bxc5 12.Rb1 c4 13.Be2 Ng6 14.Be3 Nd7 15.Bd4 Qe7
16.g3 Nc5 17.Nd2 Bd7 18.O-O Ba4 19.Rfc1 Rab8 20.Ra1 Qc7 21.f4 Ne4 22.Nxe4 dxe4
23.Qf1 Rfc8 24.Qf2 a6 25.Rab1 Rxb1 26.Rxb1 Bxc2 27.Rb6 Bd3 28.Rxe6 Qa5 29.Bxd3 exd3
30.Qb2 Qa4 31.Be3 Rd8 32.Rd6 Rxd6 33.Qb8+ Nf8 34.Qxd6 Qd1+ 35.Kg2 Qe2+ 36.Kh3 Qf1+
37.Kh4 Qf3 38.Kh3 g5 39.Bf2 Qxf2 40.Qd5+ Kh8 41.Qh1 g4+ 42.Kh4 Qb6  0-1

[Event "Master Open"]
[Site "Singapore SIN"]
[Date "2004.12.18"]
[Round "9"]
[White "El Arousy,A"]
[Black "Panggabean,H"]
[Result "1-0"]
[WhiteElo "2388"]
[BlackElo "2222"]

1.e4 e6 2.d4 d5 3.Nc3 Bb4 4.e5 b6 5.Qg4 g6 6.h4 h5 7.Qg3 Nh6 8.Bg5 Be7 9.Qf4 Nf5
10.Bd3 Ba6 11.Bxf5 gxf5 12.Nf3 Nc6 13.Rh3 Qd7 14.O-O-O O-O-O 15.Rg3 Rdg8
16.Bxe7 Qxe7 17.Rxg8+ Rxg8 18.Ng5 Rh8 19.a3 Na5 20.Qf3 Kb8 21.g3 Nc4 22.Ne2 c5
23.Re1 Qc7 24.Qc3 Rc8 25.Nf3 Qe7 26.Nf4 cxd4 27.Nxd4 Nxe5 28.Nxf5 Rxc3 29.Nxe7 Nf3
30.Re3 Rc7  1-0

[Event "Open"]
[Site "Lindsborg USA"]
[Date "2004.12.21"]
[Round "7"]
[White "Mitkov,N"]
[Black "Kraai,J"]
[Result "0-1"]
[WhiteElo "2539"]
[BlackElo "2425"]

1.e4 e6 2.d4 d5 3.Nc3 Bb4 4.e5 b6 5.Nh3 Qd7 6.a3 Bxc3+ 7.bxc3 Ba6 8.Bxa6 Nxa6
9.a4 Nb8 10.Nf4 Nc6 11.h4 O-O-O 12.Qg4 f5 13.Qg3 Na5 14.O-O Qf7 15.c4 Nxc4
16.a5 Kb7 17.Qb3 Ne7 18.Nd3 Nc6 19.Bg5 Rc8 20.Rfb1 Ka8 21.axb6 cxb6 22.c3 h6
23.Bc1 g5 24.h5 f4 25.Qd1 Qf5 26.Ba3 f3 27.Qxf3 Qxf3 28.gxf3 Nd2 29.Rb2 Nxf3+
30.Kg2 Nh4+ 31.Kf1 Na5 32.Bb4 Nc4 33.Rba2 a5 34.Bd6 Kb7 35.Re2 Rh7 36.Rb1 Ka6
37.Ra2 Rf7 38.Nb4+ Ka7 39.Nd3 g4 40.Ke2 Ng2 41.Ba3 Nf4+ 42.Nxf4 Rxf4 43.Rg1 Nxa3
44.Rxa3 Rcf8 45.Rg2 R8f5 46.Rh2 Re4+ 47.Kd2 Rf3 48.Ra1 Ref4 49.Rg1 Rxf2+
50.Rxf2 Rxf2+ 51.Ke3 Rf3+ 52.Ke2 Rxc3 53.Rxg4 a4 54.Rg7+ Ka6 55.Rg8 Kb5 56.Re8 a3
57.Kd2 Rc4  0-1

[Event "BC Masters"]
[Site "Bois Colombes FRA"]
[Date "2004.12.23"]
[Round "5"]
[White "Sulypa,A"]
[Black "Apicella,M"]
[Result "0-1"]
[WhiteElo "2484"]
[BlackElo "2543"]

1.e4 e6 2.d4 d5 3.Nc3 Bb4 4.e5 Ne7 5.a3 Bxc3+ 6.bxc3 c5 7.Qg4 O-O 8.Bd3 Nbc6
9.Qh5 Ng6 10.Nf3 Qc7 11.Be3 c4 12.Bxg6 fxg6 13.Qg4 Qf7 14.Ng5 Qe8 15.h4 h6
16.Nh3 Bd7 17.Qe2 b5 18.g4 a5 19.h5 gxh5 20.g5 hxg5 21.Nxg5 g6 22.Qf1 Ne7
23.Qg2 Nf5 24.Ke2 Ng7 25.Nf3 Rxf3 26.Qxf3 Qf7 27.Qg2 Qf5 28.Kd2 Rf8 29.Rh4 g5
30.Qxg5 Qxg5 31.Bxg5 Rxf2+ 32.Kc1 Be8 33.Rf4 Rg2 34.Bh4 Nf5 35.Bf2 Bg6 36.Kb2 Kh7
37.a4 bxa4 38.Rg1 Rxg1 39.Bxg1 Kh6 40.Ka3 Kg5 41.Bh2 h4 42.Kxa4 Ng3 43.Rf2 Bf5
44.Kxa5 Ne4 45.Rg2+ Bg4 46.Kb4 Kf5 47.Kb5 Ng5 48.Bg1 Nf3  0-1

[Event "Open A"]
[Site "Bethune FRA"]
[Date "2004.12.27"]
[Round "3"]
[White "Solleveld,Maa"]
[Black "Kononenko,T"]
[Result "1/2-1/2"]
[WhiteElo "2468"]
[BlackElo "2305"]

1.e4 e6 2.d4 d5 3.Nc3 Bb4 4.e5 Ne7 5.a3 Bxc3+ 6.bxc3 c5 7.Qg4 O-O 8.Bd3 f5
9.exf6 Rxf6 10.Bg5 Rf7 11.Qh5 g6 12.Qd1 Nbc6 13.Nf3 c4 14.Be2 Qf8 15.Qd2 Nf5
16.Ne5 Nxe5 17.dxe5 h6 18.Bf6 Nd6 19.f3 Kh7 20.Bh4 Nf5 21.Bf2 Bd7 22.h4 Bc6
23.f4 h5 24.g4 Ng7 25.f5 gxf5 26.gxh5 f4 27.Bg4 Qe7 28.Rg1 Raf8 29.Bf3 Rf5
30.Qe2 Be8 31.Kd2 Bxh5 32.Rg2 Bxf3 33.Qxf3 Nh5 34.Rag1 b6 35.a4 Qf7 36.Kc1 Ng3
37.Bxg3 fxg3 38.Qxg3 Rf1+ 39.Rxf1 Qxf1+ 40.Kb2 Qf7 41.Qe3 Qf4 42.Qg1 Qxe5
43.Rg5 Rf5 44.Rg8 Qf6 45.Ra8 Qf7 46.a5 d4 47.axb6 Rb5+ 48.Ka2 Rxb6 49.Qg2 Ra6+
50.Kb1 Rb6+ 51.Ka2 Ra6+  1/2-1/2

[Event "1st GM"]
[Site "Mataro ESP"]
[Date "2005.01.02"]
[Round "6"]
[White "Lopez Martinez,J"]
[Black "Moskalenko,V"]
[Result "1/2-1/2"]
[WhiteElo "2481"]
[BlackElo "2551"]

1.e4 e6 2.d4 d5 3.Nc3 Bb4 4.e5 b6 5.Qg4 Bf8 6.Bg5 Qd7 7.O-O-O Ba6 8.Bxa6 Nxa6
9.Kb1 h6 10.Bc1 Ne7 11.Qe2 Nb4 12.f4 h5 13.Qb5 Nf5 14.Qxd7+ Kxd7 15.Nf3 Be7
16.Ne2 Nh4 17.Ne1 f6 18.g3 Nf5 19.Nf3 Nc6 20.Rhf1 Raf8 21.b3 b5 22.Nc3 a6
23.a4 Rb8 24.axb5 axb5 25.Rg1 Nd8 26.Ne2 Nf7 27.h3 Rbg8 28.g4 hxg4 29.hxg4 Nh4
30.Nxh4 Rxh4 31.f5 g5 32.exf6 Bd6 33.Rdf1 Rgh8 34.fxe6+ Kxe6 35.Rf5 Rxg4
36.Rxg5 Rxg5 37.Bxg5 Rg8 38.Bh4 Rxg1+ 39.Nxg1 Kf5 40.Ne2 Kg4 41.Be1 Kg5 42.c4 bxc4
43.bxc4 dxc4 44.Kc2  1/2-1/2

[Event "1st GM"]
[Site "Mataro ESP"]
[Date "2005.01.05"]
[Round "9"]
[White "Baron Rodriguez,Je"]
[Black "Moskalenko,V"]
[Result "0-1"]
[WhiteElo "2432"]
[BlackElo "2551"]

1.d4 d5 2.e4 e6 3.Nc3 Bb4 4.e5 b6 5.a3 Bf8 6.b4 c5 7.Nf3 Nc6 8.Bd3 c4 9.Bf1 b5
10.g3 a5 11.Nxb5 axb4 12.a4 Ba6 13.Bd2 Qa5 14.Rb1 Bxb5 15.axb5 Qxb5 16.Bh3 Nge7
17.O-O Ng6 18.Be3 Be7 19.Ne1 Ra3 20.Ng2 Bd8 21.f4 Bb6 22.Kh1 Nge7 23.f5 exf5
24.Bxf5 Nxf5 25.Rxf5 O-O 26.Qg4 Ne7 27.Rg5 g6 28.Rh5 b3 29.cxb3 Rxb3 30.Rg1 Rb1
31.Ne1 Qc6 32.Rh3 Nf5 33.Qf4 f6 34.Nf3 Rxg1+ 35.Kxg1 Nxe3 36.Qxe3 fxe5 37.Qh6 Qd7
38.Kg2 Bxd4 39.Rh4 Qf7 40.Nd2 c3  0-1

[Event "XI Open A"]
[Site "Bosnjaci CRO"]
[Date "2005.01.07"]
[Round "7"]
[White "Zelcic,R"]
[Black "Drasko,M"]
[Result "1/2-1/2"]
[WhiteElo "2531"]
[BlackElo "2486"]

1.e4 e6 2.d4 d5 3.Nc3 Bb4 4.e5 Ne7 5.Nf3 c5 6.dxc5 Nd7 7.Bd3 Nxc5 8.O-O Bxc3
9.bxc3 Bd7 10.Be3 Rc8 11.Qb1 b6 12.Qb4 Ng6 13.a4 O-O 14.a5 Qc7 15.axb6 axb6
16.Bxg6 fxg6 17.c4 dxc4 18.Qxc4 Bc6  1/2-1/2

[Event "XI Open A"]
[Site "Bosnjaci CRO"]
[Date "2005.01.09"]
[Round "9"]
[White "Stevic,H"]
[Black "Drasko,M"]
[Result "1-0"]
[WhiteElo "2539"]
[BlackElo "2486"]

1.e4 e6 2.d4 d5 3.Nc3 Bb4 4.e5 Ne7 5.Nf3 c5 6.dxc5 Nd7 7.Bd3 Nxc5 8.O-O Bxc3
9.bxc3 Qc7 10.c4 Bd7 11.cxd5 Nxd5 12.Ba3 h6 13.Nd2 O-O 14.Qg4 b6 15.Rae1 f5
16.exf6 Nxf6 17.Qc4 Rfc8 18.Bg6 Na4 19.Qh4 Nc3 20.Bd3 Nfd5 21.Ne4 Qf4 22.Qh3 Nxe4
23.Rxe4 Qf6 24.Bd6 e5 25.Qxd7 Rd8 26.Qb5 Qxd6 27.Bc4 Rac8 28.f4 exf4 29.Rd1 Rc5
30.Rxd5 Rxd5 31.Rd4 Qe5 32.Rxd5 Qe1+ 33.Bf1 Re8 34.Qd3  1-0

[Event "Michael Franett Mem"]
[Site "San Francisco USA"]
[Date "2005.01.09"]
[Round "8"]
[White "Batchimeg,T"]
[Black "Bhat,V"]
[Result "0-1"]
[WhiteElo "2205"]
[BlackElo "2410"]

1.e4 e6 2.d4 d5 3.Nc3 Bb4 4.e5 Ne7 5.a3 Bxc3+ 6.bxc3 c5 7.a4 Qa5 8.Qd2 Nbc6
9.Nf3 f6 10.exf6 gxf6 11.Be2 Bd7 12.Ba3 c4 13.Bb4 Qc7 14.Qh6 Ng6 15.Qg7 Nxb4
16.cxb4 Qf4 17.h4 O-O-O 18.h5 Rdg8 19.Qf7 Nf8 20.g3 Qf5 21.Kd2 Rg4 22.Rh4 Rxh4
23.gxh4 Qf4+ 24.Kc3 e5 25.Qxd5 e4 26.Qxc4+ Kb8 27.d5 Ng6 28.hxg6 Rc8 29.Qxc8+ Bxc8
30.gxh7 Qc7+ 31.Kb3 Qxh7 32.Nd4 Qxh4 33.f3 exf3 34.Nxf3 Qe4 35.Ng1 Bf5  0-1

[Event "TCh-SWE Elitserien 2004-5"]
[Site "Sweden SWE"]
[Date "2005.01.15"]
[Round "6"]
[White "Olsson,T"]
[Black "Friberg,H"]
[Result "0-1"]
[WhiteElo "2087"]
[BlackElo "2233"]

1.e4 e6 2.d4 d5 3.Nc3 Bb4 4.e5 Ne7 5.Qg4 c5 6.dxc5 Nbc6 7.Bd2 Bxc5 8.f4 Bxg1
9.Rxg1 Qb6 10.Rh1 Qxb2 11.Rc1 O-O 12.h4 f6 13.Rh3 Qb6 14.Rb1 Qd8 15.exf6 Rxf6
16.Rd3 Qf8 17.Qe2 b6 18.g3 Ba6 19.Nb5 e5 20.a4 Re8 21.Kd1 e4 22.Rc3 d4 23.Rc4 Kh8
24.Qxe4 Nf5 25.Qf3 Ne5  0-1

[Event "Zimski Winter Open"]
[Site "Belgrade SCG"]
[Date "2005.01.25"]
[Round "3"]
[White "Nestorovic,L"]
[Black "Radovic,G"]
[Result "0-1"]
[WhiteElo "1981"]
[BlackElo "2089"]

1.e4 e6 2.d4 d5 3.Nc3 Bb4 4.e5 b6 5.a3 Bf8 6.f4 h5 7.Nf3 Nh6 8.Be3 Be7 9.Qd2 c6
10.Be2 Ba6 11.b4 Bxe2 12.Nxe2 Nf5 13.O-O Nd7 14.Rfc1 b5 15.Qd3 Nb6 16.Bf2 a5
17.c3 a4 18.g3 Nc4 19.Kg2 h4 20.Neg1 hxg3 21.hxg3 g5 22.fxg5 Bxg5 23.Re1 Kd7
24.Nxg5 Qxg5 25.Nf3 Qg4 26.Rh1 Nce3+  0-1

[Event "It"]
[Site "Chernigov UKR"]
[Date "2005.01.25"]
[Round "4"]
[White "Dolzhikova,O"]
[Black "Nosenko,A"]
[Result "0-1"]
[WhiteElo "2257"]
[BlackElo "2509"]

1.e4 e6 2.d4 d5 3.Nc3 Bb4 4.e5 b6 5.a3 Bf8 6.Nf3 Qd7 7.h4 Ne7 8.h5 h6 9.Bd3 Nbc6
10.g4 Na5 11.b3 c5 12.Nb5 Nec6 13.Bb2 a6 14.Nc3 cxd4 15.Ne2 Qc7 16.Bxd4 Nxd4
17.Nexd4 Be7 18.O-O O-O 19.Qd2 f6 20.Rfe1 fxe5 21.Nxe5 Bh4 22.Ndf3 Nc6 23.Nxh4 Nxe5
24.Be2 Qe7 25.Ng2 Bb7 26.f4 Qc5+ 27.Kh2 d4 28.Rf1 Nf7 29.Bc4 Rae8 30.Nh4 b5
31.Bd3 e5 32.Ng6 e4 33.Be2 e3 34.Qd1 Qc6 35.Bf3 e2 36.Bxc6 exd1=Q 37.Raxd1 Re2+
38.Kg3 Bxc6 39.Nxf8 Kxf8 40.Rxd4 Rg2+ 41.Kh3 Rxc2 42.Rfd1 Rc3+ 43.R4d3 Rxd3+
44.Rxd3 Ke7 45.Kg3 Ke6 46.Kf2 Nd6 47.Ke3 Ne4 48.Kd4 Kd6 49.Ke3+ Bd5 50.b4 Nf6
51.g5 Nxh5 52.gxh6 gxh6 53.Rd2 Ng3  0-1

[Event "Zimski Winter Open"]
[Site "Belgrade SCG"]
[Date "2005.01.26"]
[Round "4"]
[White "Maksimovic,Mir"]
[Black "Tasic,Z"]
[Result "0-1"]
[WhiteElo "2185"]
[BlackElo "2245"]

1.e4 e6 2.d4 d5 3.Nc3 Bb4 4.e5 Ne7 5.a3 Bxc3+ 6.bxc3 c5 7.Nf3 Bd7 8.a4 Qa5
9.Bd2 Nbc6 10.Bb5 f6 11.Qe2 c4 12.O-O f5 13.Ng5 O-O 14.Qh5 h6 15.Nh3 Be8
16.Qe2 Bf7 17.Bxc6 Nxc6 18.Nf4 Qd8 19.Bc1 Kh7 20.Ba3 Rg8 21.g3 Qe8 22.h4 g5
23.hxg5 hxg5 24.Nh3 Bh5 25.Qd2 Qg6 26.Kg2 f4 27.Rg1 Bf3+ 28.Kxf3 Qe4+ 29.Kg4 f3+
30.Nf4 gxf4+ 31.Kh3 Qf5+ 32.g4 Qg5  0-1

[Event "10th HIT Open A"]
[Site "Nova Gorica SLO"]
[Date "2005.01.28"]
[Round "1"]
[White "Kovacevic,A"]
[Black "Zorko,Ju"]
[Result "1/2-1/2"]
[WhiteElo "2554"]
[BlackElo "2300"]

1.e4 e6 2.d4 d5 3.Nc3 Bb4 4.e5 Ne7 5.a3 Bxc3+ 6.bxc3 c5 7.Qg4 O-O 8.Bd3 f5
9.exf6 Rxf6 10.Bg5 Rf7 11.Qh5 g6 12.Qd1 Nbc6 13.Nf3 Qf8 14.O-O c4 15.Be2 h6
16.Bc1 Qg7 17.a4 Bd7 18.Ba3 g5 19.Rb1 b6 20.a5 bxa5 21.h3 Kh7 22.Bd6 Ng6
23.Nh2 Nf4 24.Bxf4 Rxf4 25.Rb7 Rb8 26.Rxb8 Nxb8 27.Bg4 Nc6 28.Re1 Rf6 29.Qe2 Qf8
30.Rb1 Qc8 31.Nf3 Qc7 32.Qe3 a4 33.Qc1 Qd6 34.Ra1 Ne7 35.Ne5 Bb5 36.Bh5 Nf5
37.Bg4 Nh4 38.Bh5 Nf5 39.Bg4 Nh4 40.Qe1 Ng6 41.g3 a6 42.Bh5 Ne7 43.Qd2 Nf5
44.Kg2 Ng7 45.Bg4 Be8 46.Rh1 Qf8 47.Rb1 Bb5 48.Ra1 Ne8 49.Qe2 Nd6 50.Bf3 Be8
51.Qe3 Nf5 52.Qe2 Nd6 53.Qe3 Nf5 54.Qe2 Nd6 55.Qe3 Nf5 56.Qe2 Nd6 57.Ng4 Rf7
58.Ne5 Rf6 59.Rh1 Kg7 60.Rb1 Kh7 61.Rh1 Bb5 62.Qd2  1/2-1/2

[Event "IMA2"]
[Site "Marianske Lazne CZE"]
[Date "2005.01.30"]
[Round "9"]
[White "Sergeeva,M"]
[Black "Bronowicki,M"]
[Result "1/2-1/2"]
[WhiteElo "2312"]
[BlackElo "2200"]

1.e4 e6 2.d4 d5 3.Nc3 Bb4 4.e5 Qd7 5.a3 Bxc3+ 6.bxc3 b6 7.h4 Ba6 8.Bxa6 Nxa6
9.Qd3 Nb8 10.h5 f6 11.Nf3 Nc6 12.Bf4 O-O-O 13.Bg3 Nh6 14.Bf4 Nf7 15.Qe2 g5
16.hxg6 hxg6 17.O-O-O g5 18.Be3 g4 19.Nd2 f5 20.Nb3 Nb8 21.Kb2 Qa4 22.f3 Qc4
23.Qd2 gxf3 24.gxf3 a5 25.Bg5 Nxg5 26.Qxg5 a4 27.Nc1 Qb5+ 28.Ka2 Qc6 29.Kb2 Rhg8
30.Qd2 Rg3  1/2-1/2

[Event "1st IRT Open"]
[Site "Villa Ballester ARG"]
[Date "2005.02.01"]
[Round "8"]
[White "Granara Barreto,S"]
[Black "Alvarez,R2"]
[Result "1-0"]
[WhiteElo "2238"]
[BlackElo "2133"]

1.e4 e6 2.d4 d5 3.Nc3 Bb4 4.e5 Ne7 5.a3 Bxc3+ 6.bxc3 b6 7.Qg4 Kf8 8.Nh3 Ng6
9.Bd3 Ba6 10.Bxa6 Nxa6 11.O-O Nb8 12.Bg5 Qd7 13.f4 h6 14.f5 exf5 15.Rxf5 Kg8
16.Raf1 Nc6 17.Bd2 Nce7 18.R5f4 Qe6 19.Qxe6 fxe6 20.R4f2 Rf8 21.Rxf8+ Nxf8
22.Nf4 Kh7 23.h4 Neg6 24.Nxg6 Kxg6 25.h5+ Kxh5 26.Rf7 g5 27.Rxc7 Rh7 28.Rc8 Rf7
29.c4 dxc4 30.Rxc4 Rd7 31.Be3 Kg4 32.Rc8 Ng6 33.Rc6 Kf5 34.Kf2 h5 35.g3 g4
36.Rc8 Ke4 37.Ke2 h4 38.Rg8 h3 39.Rxg6 Rh7 40.Rxg4+ Kd5 41.Bg1 h2 42.Bxh2 Rxh2+
43.Kd3 b5 44.Rg7 Rg2 45.Rd7+ Kc6 46.Rxa7 Rxg3+ 47.Kd2 Kb6 48.Rd7 Rxa3 49.Rd6+ Kc7
50.Rxe6 b4 51.d5 b3 52.Rc6+ Kb7 53.cxb3 Rxb3 54.Rc3 Rb5 55.Rd3 Kc7 56.Ke3 Rb4
57.Rc3+ Kd7 58.Ra3 Rh4 59.Ra7+ Kd8 60.d6 Rb4 61.e6 Rb8 62.Rh7  1-0

[Event "10th HIT Open A"]
[Site "Nova Gorica SLO"]
[Date "2005.02.03"]
[Round "9"]
[White "Brkic,A"]
[Black "Zorko,Ju"]
[Result "1/2-1/2"]
[WhiteElo "2458"]
[BlackElo "2300"]

1.e4 e6 2.d4 d5 3.Nc3 Bb4 4.e5 Ne7 5.a3 Bxc3+ 6.bxc3 c5 7.Qg4 O-O 8.Bd3 f5
9.exf6 Rxf6 10.Bg5 Rf7 11.Qh5 g6 12.Qd1 Nbc6 13.Nf3 Qf8 14.O-O c4 15.Be2 h6
16.Bc1 Qg7 17.a4 Bd7 18.Ba3 g5 19.Bd6 Ng6 20.Qd2 Nf4 21.Rae1 Nxe2+ 22.Rxe2 Kh7
23.Bg3 Qg6  1/2-1/2

[Event "FSGM February"]
[Site "Budapest HUN"]
[Date "2005.02.05"]
[Round "1"]
[White "Fogarasi,T"]
[Black "Almasi,I"]
[Result "1/2-1/2"]
[WhiteElo "2442"]
[BlackElo "2427"]

1.e4 e6 2.d4 d5 3.Nc3 Bb4 4.e5 Ne7 5.a3 Bxc3+ 6.bxc3 c5 7.Qg4 O-O 8.Bd3 f5
9.exf6 Rxf6 10.Bg5 Rf7 11.Qh4 h6 12.Bxe7 Rxe7 13.Ne2 c4 14.Bg6 Nd7 15.O-O e5
16.dxe5 Nxe5 17.Nf4 Qd6 18.Bh5 Nc6 19.Ng6 Re4 20.Qg3 Qxg3 21.fxg3 Bg4 22.Bxg4 Rxg4
23.Nf4  1/2-1/2

[Event "FSGM February"]
[Site "Budapest HUN"]
[Date "2005.02.06"]
[Round "2"]
[White "Almasi,I"]
[Black "Kristjansson,St"]
[Result "1-0"]
[WhiteElo "2427"]
[BlackElo "2438"]

1.e4 e6 2.d4 d5 3.Nc3 Bb4 4.e5 Ne7 5.a3 Bxc3+ 6.bxc3 b6 7.Qg4 Ng6 8.h4 h5
9.Qd1 Ba6 10.Bxa6 Nxa6 11.Bg5 f6 12.Qd3 Kf7 13.Nh3 Nb8 14.O-O Nd7 15.Rae1 Ndf8
16.Qf3 c5 17.c4 cxd4 18.exf6 gxf6 19.cxd5 e5 20.d6 Nd7 21.Qd5+ Kg7 22.f4 Qg8
23.Qb7 Qc8 24.Bxf6+ Kxf6 25.fxe5+ Kg7 26.Qd5 Rf8 27.Ng5 Kh6 28.Rxf8 Ndxf8
29.Qg8  1-0

[Event "FSGM February"]
[Site "Budapest HUN"]
[Date "2005.02.08"]
[Round "4"]
[White "Fogarasi,T"]
[Black "Kristjansson,St"]
[Result "1/2-1/2"]
[WhiteElo "2442"]
[BlackElo "2438"]

1.e4 e6 2.d4 d5 3.Nc3 Bb4 4.e5 Ne7 5.a3 Bxc3+ 6.bxc3 c5 7.Qg4 O-O 8.Bd3 Qa5
9.Bd2 Nbc6 10.Nf3 f5 11.exf6 Rxf6 12.Qh5 Nf5 13.g4 c4 14.gxf5 cxd3 15.Rg1 Bd7
16.Qg5 Rf7 17.f6 Qd8 18.Ne5 Nxe5 19.dxe5 dxc2 20.Be3 Rc8 21.Bd4 Qa5 22.Kd2 Rc4
23.Qe3 c1=Q+ 24.Rgxc1 Ra4 25.Rg1 g6 26.Ke2 Rxa3 27.Rxa3 Qxa3 28.h4 Qa2+ 29.Kf3 Qc2
30.Bxa7 Bb5 31.Kg3 Qd3 32.Qxd3 Bxd3 33.Bd4 Rf8 34.Ra1 h5 35.Kf4 Kf7 36.Ke3 Ba6
37.Rg1 Bc4 38.Rb1 Ba6 39.Rb6 Rc8 40.Rd6 Bb5 41.Rb6 Bc6 42.Kf4 Ra8 43.Rb1 Ra2
44.Kg5 Ra8 45.Rg1 Bb5 46.Re1 Bd3 47.Rd1 Bc4 48.Bb6 Bb5 49.Rb1 Bc4 50.Rd1 Bb5
51.Bd4 Be2 52.Rd2  1/2-1/2

[Event "Tch-FIN 2004-5"]
[Site "Finland FIN"]
[Date "2005.02.12"]
[Round "7"]
[White "Kujala,A"]
[Black "Lehtivaara,P"]
[Result "1/2-1/2"]
[WhiteElo "2267"]
[BlackElo "2335"]

1.e4 e6 2.d4 d5 3.Nc3 Bb4 4.e5 Ne7 5.a3 Bxc3+ 6.bxc3 c5 7.a4 Qa5 8.Bd2 Nbc6
9.Nf3 Bd7 10.c4 Qc7 11.c3 dxc4 12.Bxc4 cxd4 13.Qe2 dxc3 14.Bxc3 Na5 15.Bxa5 Qxa5+
16.Qd2 Qxd2+ 17.Kxd2 O-O 18.Nd4 Rfd8 19.Ke3 Nc6 20.Nxc6 Bxc6 21.f3 Rac8 22.Rhc1 Kf8
23.a5 Rd7 24.g3 Rdc7 25.Bd3 Bd5 26.Rxc7 Rxc7 27.f4 h6 28.Kd4 Ke7 29.h4 Bc6
30.Rb1 f6 31.Bc4 Rd7+ 32.Kc3 fxe5 33.fxe5 Rd8 34.Rf1 Bd5 35.Bd3 Rf8 36.Rxf8 Kxf8
37.Kd4 Ke7 38.Kc5 Kd7 39.Be2 Kc7 40.Bd3 Bc6 41.Be2 b6+ 42.axb6+ axb6+ 43.Kb4 Kd7
44.Bd3 g5 45.hxg5 hxg5 46.Be2 Ke7 47.Bg4 Kf7 48.Bh5+ Kg7 49.Bg4 Bd7 50.Kc4 Kf8
51.Kb4 Ke7 52.Bf3 Kd8 53.Be2 Kc7 54.Bc4 Kb7 55.Be2 Ka7 56.Bd3 Bc8 57.Bc4 Kb7
58.Be2 Kc6 59.Bf3+ Kc7 60.Bg4 Bd7 61.Be2 Bc6 62.Bg4 Bd5 63.Be2 Be4 64.Kb5 Bg2
65.Bc4 Bc6+  1/2-1/2

[Event "FSGM February"]
[Site "Budapest HUN"]
[Date "2005.02.13"]
[Round "9"]
[White "Thinius,M"]
[Black "Kristjansson,St"]
[Result "0-1"]
[WhiteElo "2384"]
[BlackElo "2438"]

1.e4 e6 2.d4 d5 3.Nc3 Bb4 4.e5 Qd7 5.a3 Bxc3+ 6.bxc3 b6 7.a4 Ba6 8.Bxa6 Nxa6
9.Qg4 f5 10.Qh5+ Qf7 11.Qe2 Nb8 12.h4 Ne7 13.Nh3 h6 14.h5 O-O 15.Nf4 c5 16.dxc5 Rc8
17.Be3 Nd7 18.cxb6 axb6 19.Qb5 Nc6 20.Bxb6 Ncxe5 21.O-O Rab8 22.a5 Nc4 23.Ra4 Nf6
24.f3 e5 25.Ng6 Qe6 26.Rb4 Kh7 27.f4 e4 28.Rxc4 Rxc4 29.Rb1 Nxh5 30.Ne5 Rxc3
31.Nd7 Rxc2 32.Qb3 Rxg2+ 33.Kxg2 Qxd7 34.a6 Nxf4+ 35.Kf1 Ra8 36.a7 Rxa7 37.Qe3 Rb7
38.Qxf4 Qe6 39.Qe3 f4 40.Qd4 Qh3+ 41.Ke2 Qf3+ 42.Kd2 e3+ 43.Kc2 Qe2+ 44.Kc3 Qc4+
45.Qxc4 dxc4 46.Rb4 g5 47.Kxc4 e2 48.Bf2 Rxb4+ 49.Kxb4 g4  0-1

[Event "71st ch-BRA"]
[Site "Sao Paulo BRA"]
[Date "2005.02.16"]
[Round "4"]
[White "Di Berardino,D"]
[Black "Name,G"]
[Result "1-0"]
[WhiteElo "2358"]
[BlackElo "2198"]

1.e4 e6 2.d4 d5 3.Nc3 Bb4 4.e5 b6 5.Qg4 Bf8 6.Bb5+ c6 7.Ba4 Ne7 8.Nce2 Ba6
9.c3 Bd3 10.Nf4 Bf5 11.Qe2 h6 12.Nf3 Qc8 13.Nd2 Qa6 14.Qxa6 Nxa6 15.Nf1 Nc7
16.Ne3 Bh7 17.Bd2 b5 18.Bd1 c5 19.Ne2 Nc6 20.f4 Bd3 21.Nc1 Be4 22.Nb3 c4
23.Nc1 a5 24.a3 a4 25.O-O Be7 26.f5 Bg5 27.fxe6 fxe6 28.Bg4 Rf8 29.g3 Kd7
30.h4 Be7 31.h5 Na5 32.Rxf8 Rxf8 33.Ng2 Bf5 34.Bf3 Rf7 35.Nf4 Bg5 36.Be3 Nb3
37.Nxb3 cxb3 38.Be2 Kc6 39.Rf1 Re7 40.Ng2 Na8 41.Bxg5 hxg5 42.Ne3 Be4 43.Rf8 Nb6
44.Bg4 Nc4 45.Nxc4 dxc4 46.Rc8+ Rc7 47.Rb8 Rb7 48.Rc8+ Kd7 49.Rc5 Bd5 50.Rxd5+ Ke7
51.Rc5 Ra7  1-0

[Event "Jersey Open"]
[Site "Jersey JCI"]
[Date "2005.02.17"]
[Round "5"]
[White "Kobese,W"]
[Black "Hawes,J"]
[Result "1-0"]
[WhiteElo "2419"]
[BlackElo "2155"]

1.e4 e6 2.d4 d5 3.Nc3 Bb4 4.e5 Qd7 5.a3 Bxc3+ 6.bxc3 b6 7.Nh3 Ba6 8.Bd3 Ne7
9.Nf4 Bxd3 10.cxd3 Nbc6 11.Nh5 Rg8 12.Bh6 Kf8 13.Nf6 Qc8 14.Nxg8 Nxg8 15.Be3 Qa6
16.O-O Nce7 17.a4 Rc8 18.Qb1 c6 19.a5 b5 20.Bc1 Ke8 21.Ba3  1-0

[Event "3rd Breizh Masters"]
[Site "Guingamp FRA"]
[Date "2005.02.18"]
[Round "1"]
[White "Sulypa,A"]
[Black "Gervasio,R"]
[Result "1-0"]
[WhiteElo "2497"]
[BlackElo "2269"]

1.e4 e6 2.d4 d5 3.Nc3 Bb4 4.e5 Ne7 5.a3 Bxc3+ 6.bxc3 c5 7.Qg4 O-O 8.Bd3 c4
9.Bh6 Ng6 10.Bxg6 fxg6 11.Be3 Nc6 12.h4 Rf5 13.Qh3 h6 14.g4 Rf7 15.Ne2 Bd7
16.f4 Qa5 17.h5 g5 18.fxg5 Raf8 19.Kd2 Rf3 20.Qg2 hxg5 21.h6 g6 22.h7+ Kh8
23.Rh3 R3f7 24.Rh6 Qb6 25.Qg1 Na5 26.Rb1 Qa6 27.Bxg5 Rf3 28.Bf6+ R8xf6 29.exf6 Nb3+
30.Ke1 Be8 31.f7  1-0

[Event "Mayor de Chile"]
[Site "Santiago CHI"]
[Date "2005.02.18"]
[Round "5"]
[White "Diaz Fuenzalida,J"]
[Black "Diaz,Rob"]
[Result "1/2-1/2"]
[WhiteElo "2107"]
[BlackElo "2271"]

1.e4 e6 2.d4 d5 3.Nc3 Bb4 4.e5 Ne7 5.a3 Bxc3+ 6.bxc3 c5 7.a4 Qa5 8.Bd2 c4
9.h4 Nd7 10.Nh3 Nb6 11.Nf4 Bd7 12.Qg4 Rg8 13.Qh5 h6 14.Rh3 Nxa4 15.Rf3 Nf5
16.Ne2 Qd8 17.Ng3 b5 18.Nxf5 exf5 19.g4 f4 20.Rxf4 Be6 21.g5 g6 22.Qxh6 Kd7
23.Qh7 Qf8 24.Bh3 Rg7 25.Bxe6+ Kxe6 26.Qh6 Qg8 27.Rf6+ Ke7 28.e6 fxe6 29.h5 gxh5
30.Qxh5 Rf8 31.Qf3 Rgf7 32.Rxf7+ Qxf7 33.Qxf7+ Kxf7 34.Kf1 Rh8 35.Kg2 a6
36.Re1 Nb6 37.g6+ Kf6 38.g7 Rg8 39.Bh6 Nc8 40.Ra1 Nd6 41.Rxa6 Nf5 42.Bf4 Rxg7+
43.Kf3 Nh4+ 44.Ke2 Kf5 45.Bg3 Ng6 46.Rb6 Ra7 47.Rxb5 Nf8 48.Rb8 Nd7 49.Rh8 Nf6
50.Rf8 Kg6 51.f3 Ra2 52.Kd2 Ra6  1/2-1/2

[Event "Severstal 50"]
[Site "Cherepovets RUS"]
[Date "2005.02.27"]
[Round "3"]
[White "Sazhin,E"]
[Black "Dmitrenko,V"]
[Result "1-0"]
[WhiteElo "2402"]
[BlackElo "2327"]

1.e4 e6 2.d4 d5 3.Nc3 Bb4 4.e5 Ne7 5.a3 Bxc3+ 6.bxc3 c5 7.h4 Nbc6 8.h5 h6
9.Nf3 Qa5 10.Bd2 Qa4 11.Rb1 c4 12.Qc1 b6 13.g3 Bd7 14.Bh3 O-O-O 15.Kf1 Rdf8
16.Kg2 f6 17.exf6 Rxf6 18.Bg4 Rhf8 19.Bf4 Qa5 20.Qd2 Nf5 21.Be5 Nxe5 22.Nxe5 Nd6
23.f3 Be8 24.Rhe1 Kc7 25.a4 Ne4 26.fxe4 Rf2+ 27.Qxf2 Rxf2+ 28.Kxf2 Qxc3 29.exd5 Qxd4+
30.Kg2 exd5 31.Rbd1 Qc3 32.Nf3 Qxc2+ 33.Rd2 Qxa4 34.Rxd5 c3 35.Rd4 Qa2+ 36.Kh3 Bb5
37.Re7+ Kc6 38.Bd7+  1-0

[Event "XI Anibal Open"]
[Site "Linares ESP"]
[Date "2005.02.27"]
[Round "3"]
[White "Korneev,O"]
[Black "Rodriguez Guerrero,E"]
[Result "1/2-1/2"]
[WhiteElo "2602"]
[BlackElo "2430"]

1.e4 e6 2.d4 d5 3.Nc3 Bb4 4.e5 Ne7 5.a3 Bxc3+ 6.bxc3 c5 7.Qg4 O-O 8.Bd3 f5
9.exf6 Rxf6 10.Bg5 Rf7 11.Qh5 g6 12.Qd1 Qa5 13.Bd2 Nbc6 14.Nf3 Qc7 15.O-O e5
16.Ng5 Rf8 17.c4 cxd4 18.cxd5 Nxd5 19.Bc4 Ne7 20.Bb3 h6 21.Ne4 Kh7 22.Re1  1/2-1/2